| 000 | 00577cam a2200193 a 4500 | ||
|---|---|---|---|
| 001 | 000007865 | ||
| 005 | 20200929154327.0 | ||
| 008 | 870810s1994 sp 000 1 spa c | ||
| 020 | _a842042742X | ||
| 040 |
_aDO-SdBNP _bspa _cBNPHU |
||
| 082 |
_a863.64 _bG118b, 1994 |
||
| 100 | 1 |
_aGabriel y Galán, José Antonio, _d1940-1993 _921641 |
|
| 245 | 1 | 3 |
_aEl bobo ilustrado / _cJosé Antonio Gabriel y Galán. |
| 250 | _a2a ed. | ||
| 260 |
_aBarcelona : _bAlfaguara, _c1994. |
||
| 300 |
_a232 p. ; _c21 cm. |
||
| 650 | 4 |
_aNovela española _91123 |
|
| 650 | 4 |
_aLiteratura española _9632 |
|
| 999 |
_c7643 _d7643 |
||